| 000 | 00000nam##2200000za#4500 |
| 001 | 9.637756 |
| 003 | CaOODSP |
| 005 | 20210624221345 |
| 007 | cr ||||||||||| |
| 008 | 150407|1999||||xxc|||||o f|0| 0 fre|d |
| 020 | |a0-662-85628-7 |
| 040 | |aCaOODSP|bfre |
| 043 | |an-cn--- |
| 086 | 1 |aE2-228/1999F-IN |
| 110 | 1 |aCanada.|bAffaires étrangères et Commerce international. |bCentre canadien pour le développement de la politique étrangère. |
| 245 | 10|aContribution à la discussion sur les politiques canadiennes dans les Amériques : |h[ressource électronique]|brapport de la table ronde de Calgary (le 17 mars 1999, Calgary) |
| 260 | |aOttawa - Ontario : |bAffaires étrangères et Commerce international. |c1999. |
| 300 | |a19p. |
| 590 | |a10-06-Supp|b2010-07-26 |
| 691 | 07|aDéveloppement international|2gcpds |
| 691 | 07|aPolitique étrangère|2gcpds |
| 775 | 08|tHelping to Develop a Canadian Discussion on the Americas (March 17, 1999 Calgary) : |w(CaOODSP)9.686027 |
| 776 | 0#|tReport from the Calgary Roundtable : |w(CaOODSP)9.663215 |
| 776 | 0#|tRapport de la Table ronde de Calgary : |w(CaOODSP)9.663216 |
| 856 | 40|ahttp://publications.gc.ca|qPDF|s380 Ko|uhttps://publications.gc.ca/collections/Collection/E2-228-1999F.pdf |
| 986 | |a8004.1F |